Political journalism in comparative perspective / (Record no. 80332)

MARC details
000 -LEADER
campo de control de longitud fija 03230cam a2200445 i 4500
001 - NÚMERO DE CONTROL
campo de control 116788
005 - FECHA Y HORA DE LA ÚLTIMA TRANSACCIÓN
campo de control 20230410130801.0
008 - DATOS DE LONGITUD FIJA--INFORMACIÓN GENERAL
campo de control de longitud fija 130710s2014 nyua b 001 0 eng
035 ## - NÚMERO DE CONTROL DEL SISTEMA
Número de control de sistema 17806534
010 ## - NÚMERO DE CONTROL DE LA BIBLIOTECA DEL CONGRESO
Número de control de LC 2013027556
020 ## - NÚMERO INTERNACIONAL ESTÁNDAR DEL LIBRO
Número Internacional Estándar del Libro 9781107036284 (hardback)
020 ## - NÚMERO INTERNACIONAL ESTÁNDAR DEL LIBRO
Número Internacional Estándar del Libro 9781107674608 (paperback)
040 ## - FUENTE DE CATALOGACIÓN
Centro catalogador/agencia de origen DLC
Lengua de catalogación eng
Centro/agencia transcriptor DLC
Normas de descripción rda
042 ## - CÓDIGO DE AUTENTICACIÓN
Código de autenticación pcc
050 14 - SIGNATURA TOPOGRÁFICA DE LA BIBLIOTECA DEL CONGRESO
Número de clasificación PN4751
Número de ítem .A57 2014
082 00 - NÚMERO DE LA CLASIFICACIÓN DECIMAL DEWEY
Número de clasificación 070.4/4932
Número de edición 23
084 ## - OTRO NÚMERO DE CLASIFICACIÓN
Número de clasificación POL000000
Fuente del número bisacsh
100 1# - ENTRADA PRINCIPAL--NOMBRE DE PERSONA
Nombre de persona Albaek, Erik,
Término indicativo de función/relación author.
245 10 - MENCIÓN DEL TÍTULO
Título Political journalism in comparative perspective /
Mención de responsabilidad, etc. Erik Albaek, University of Southern Denmark ; Arjen Van Dalen, University of Southern Denmark ; Nael Jebril, University of Oxford ; Claes H. De Vreese, University of Amsterbam.
264 #1 - PRODUCCIÓN, PUBLICACIÓN, DISTRIBUCIÓN, FABRICACIÓN Y COPYRIGHT
Producción, publicación, distribución, fabricación y copyright New York, NY :
Nombre del de productor, editor, distribuidor, fabricante Cambridge University Press,
Fecha de producción, publicación, distribución, fabricación o copyright 2014.
264 #4 - PRODUCCIÓN, PUBLICACIÓN, DISTRIBUCIÓN, FABRICACIÓN Y COPYRIGHT
Fecha de producción, publicación, distribución, fabricación o copyright Ã2014
300 ## - DESCRIPCIÓN FÍSICA
Extensión xvi, 248 pages :
Otras características físicas illustrations ;
Dimensiones 22 cm.
336 ## - TIPO DE CONTENIDO
Término de tipo de contenido text
Fuente rdacontent
337 ## - TIPO DE MEDIO
Nombre/término del tipo de medio unmediated
Fuente rdamedia
338 ## - TIPO DE SOPORTE
Nombre/término del tipo de soporte volume
Fuente rdacarrier
490 0# - MENCIÓN DE SERIE
Mención de serie Communication, society and politics
520 ## - RESUMEN, ETC.
Sumario, etc. "Political journalism is often under fire. Conventional wisdom and much scholarly research suggest that journalists are cynics and political pundits. Political news is void of substance and overly focused on strategy and persons. Citizens do not learn from the news, are politically cynical, and are dissatisfied with the media. This book challenges these assumptions, which are often based on single-country studies with limited empirical observations about the relation between news production, content, and journalism's effects. Based on interviews with journalists, a systematic content analysis of political news, and panel survey data in different countries, this book tests how different systems and media-politics relations condition the contents of political news. It shows how different content creates different effects, and demonstrates that under the right circumstances citizens learn from political news, do not become cynical, and are satisfied with political journalism"--
Fuente proveedora Provided by publisher.
504 ## - NOTA DE BIBLIOGRAFÍA, ETC.
Nota de bibliografía, etc. Includes bibliographical references (pages 215-240) and index.
505 8# - NOTA DE CONTENIDO CON FORMATO
Nota de contenido con formato Machine generated contents note: 1. Introduction; 2. Comparing political journalism; 3. Journalists: the people behind the headlines; 4. Journalists and politicians: a troubled relationship; 5. Do role conceptions matter?; 6. What type of journalism produces public knowledge?; 7. Does infotainment journalism lead to political cynicism? the effects of privatization versus personalization in the news; 8. Good journalism, satisfied citizens? how perceived watchdog reporting affects satisfaction with political coverage; 9. Political journalism: today and tomorrow.
650 #0 - PUNTO DE ACCESO ADICIONAL DE MATERIA--TÉRMINO DE MATERIA
Término de materia o nombre geográfico como elemento de entrada Press and politics.
650 #0 - PUNTO DE ACCESO ADICIONAL DE MATERIA--TÉRMINO DE MATERIA
Término de materia o nombre geográfico como elemento de entrada Journalism
Subdivisión general Political aspects.
650 #7 - PUNTO DE ACCESO ADICIONAL DE MATERIA--TÉRMINO DE MATERIA
Término de materia o nombre geográfico como elemento de entrada POLITICAL SCIENCE / General.
Fuente del encabezamiento o término bisacsh
700 1# - ENTRADA AGREGADA--NOMBRE PERSONAL
Nombre de persona Van Dalen, Arjen,
Fechas asociadas al nombre 1980-
Término indicativo de función/relación author.
700 1# - ENTRADA AGREGADA--NOMBRE PERSONAL
Nombre de persona Jebril, Nael,
Fechas asociadas al nombre 1980-
Término indicativo de función/relación author.
700 1# - ENTRADA AGREGADA--NOMBRE PERSONAL
Nombre de persona Vreese, Claes H. de
Forma completa/desarrollada del nombre (Claes Holger),
Fechas asociadas al nombre 1974-
Término indicativo de función/relación author.
856 42 - LOCALIZACIÓN Y ACCESO ELECTRÓNICOS
Materiales especificados Cover image
Identificador Uniforme de Recursos <a href="http://assets.cambridge.org/97811070/36284/cover/9781107036284.jpg">http://assets.cambridge.org/97811070/36284/cover/9781107036284.jpg</a>
925 0# -
-- acquire
-- 1 shelf copy
-- Sel/ddw, 2014-06-12
942 ## - ELEMENTOS DE ENTRADA SECUNDARIOS (KOHA)
Fuente del sistema de clasificación o colocación Clasificación de Library of Congress
Tipo de ítem Koha
946 ## - PROCESAMIENTO DE INFORMACIÓN LOCAL (OCLC)
a JaaM
Holdings
Estatus retirado Estado de pérdida Fuente del sistema de clasificación o colocación Estado de daño No para préstamo Colección Biblioteca de origen Biblioteca actual Ubicación en estantería Fecha de adquisición Serial enumeration / chronology Signatura topográfica completa Código de barras Visto por última vez Tipo de ítem Koha
    Clasificación de Library of Congress     Humanidades Biblioteca Juan Bosch Biblioteca Juan Bosch Humanidades (4to. Piso) 10/04/2023 4 PN4751 .A57 2014 00000109392 25/10/2018